La zapatera prodigiosa / (Registro nro. 10498)
[ vista simple ]
| 000 -LIDER | |
|---|---|
| fixed length control field | 00827nam a22002777a 4500 |
| 001 - NÚMERO DE CONTROL | |
| Identificador de número de control | 0001878 |
| 003 - IDENTIFICACDOR DE NÚMERO DE CONTROL | |
| control field | DO-SdBNP |
| 005 - DATE AND TIME OF LATEST TRANSACTION | |
| control field | 20230515132821.0 |
| 007 - CAMPOS FIJOS DE DESCRIPCIÓN FÍSICA | |
| fixed length control field | 0001878 |
| 008 - ELEMENTOS DE LONGITUD FIJA | |
| fixed length control field | 160622b 2008 sp xxu||||| |||| 00| 0 spa d |
| 020 ## - ISBN | |
| International Standard Book Number | 9788437621609 |
| 040 ## - FUENTE DE CATALOGACIÓN | |
| Agencia que crea de manera original el registro | BPMSU |
| Idioma de catalogación | spa |
| Agencia que realiza la transcripción | BPMSU |
| 082 #4 - NÚMERO DE CLASIFICACIÓN DECIMAL DE DEWEY | |
| Classification number | 862.5 |
| Item number | G216z 2008 |
| Edition number | 22 |
| 100 1# - ASIENTO PRINCIPAL -- NOMBRE PERSONAL | |
| Nombre personal | García Lorca, Federico, |
| Fechas asociadas con el nombre | 1898-1936. |
| 245 13 - MENCIÓN DE TITULO | |
| Título | La zapatera prodigiosa / |
| Subtítulo | Federico García Lorca ; edición de Paloma Pedrero |
| 250 ## - MENCIÓN DE EDICION | |
| Mención de edición | 4ta ed. |
| 260 ## - PUBLICACIÓN, DISTRIBUCIÓN, ETC. (PIE DE IMPRENTA) | |
| Lugar de publicación, distribución, etc | Madrid : |
| Nombre del editor, distribuidor, etc. | Cátedra, |
| Fecha de publicación, distribución, etc | 2008 |
| 300 ## - DESCRIPCIÓN FÍSICA | |
| Extensión | 101 p. ; |
| Dimensiones | 20 cm. |
| 490 0# - MENCIÓN DE SERIES | |
| Mención de serie | Cátedra base, |
| Volume/sequential designation | 9 |
| 590 ## - NOTA LOCAL | |
| Texto de la nota local | Inventariado, 2023/VM |
| 650 #4 - ENCABEZAMIENTO DE MATERIA--TEMÁTICO | |
| Término temático o nombre geográfico como elemento de entrada | Teatro español |
| 650 #4 - ENCABEZAMIENTO DE MATERIA--TEMÁTICO | |
| Término temático o nombre geográfico como elemento de entrada | Literatura española |
| 700 1# - ASIENTO SECUNDARIO -- NOMBRE PERSONAL | |
| Nombre personal | Pedrero, Paloma, |
| Fechas asociadas con el nombre | 1957- |
| 910 ## - VALIDACIÓN | |
| Validación | LOPEREZ/ VMateo V. Control de calidad (BPMSU) |
| 942 ## - ADDED ENTRY ELEMENTS (KOHA) | |
| Source of classification or shelving scheme | Dewey Decimal Classification |
| Koha item type | Libros |
| Withdrawn status | Lost status | Source of classification or shelving scheme | Damaged status | Not for loan | Collection code | Home library | Current library | Date acquired | Source of acquisition | Full call number | Barcode | Date last seen | Copy number | Price effective from | Koha item type |
|---|---|---|---|---|---|---|---|---|---|---|---|---|---|---|---|
| Dewey Decimal Classification | Colección General | Biblioteca Pública Metropolitana Salomé Ureña | Biblioteca Pública Metropolitana Salomé Ureña | 06/22/2016 | FUNDI | BPMSU CG 862.5 G216z 2008 | BPMSU16060359 | 06/22/2016 | 06/22/2016 | Libros |